[Event "4th Cairns Cup 2024"]
[Site "Saint Louis USA"]
[Date "2024.06.20"]
[Round "7.3"]
[White "Zatonskih, Anna"]
[Black "Kosteniuk, Alexandra"]
[Result "0-1"]
[WhiteTitle "IM"]
[BlackTitle "GM"]
[WhiteElo "2327"]
[BlackElo "2501"]
[WhiteFideId "14101572"]
[BlackFideId "4128125"]
[EventDate "2024.06.13"]

1. d4 d5 2. c4 c6 3. e3 Nf6 4. Nc3 Bf5 5. Bd3 Bxd3 6. Qxd3 e6 7. Nf3 Nbd7 8. O-O
Bd6 9. e4 dxe4 10. Nxe4 Nxe4 11. Qxe4 O-O 12. Bg5 Nf6 13. Qe2 h6 14. Bh4 c5 15.
Rad1 Qe7 16. Rd3 Rfd8 17. d5 Re8 18. Qd1 e5 19. Re1 g5 20. Nxg5 hxg5 21. Bxg5 e4
22. Rh3 Qe5 23. f4 Qf5 24. g4 Qxg4+ 25. Rg3 Qxd1 26. Bxf6+ Kh7 27. Rxd1 e3 28.
Rf3 Kg6 29. Bc3 Kf5 30. Be5 Ke4 31. Rff1 Bxe5 32. fxe5 Rxe5 33. Rxf7 e2 34. Ra1
Ke3 35. Rg7 Kd2 36. Rg2 Rf8 37. h4 Ref5 38. d6 Rf1+ 39. Rxf1 Rxf1+ 40. Kh2 Ke3
41. d7 e1=Q 42. Rg3+ Kf4 0-1

[Event "4th Cairns Cup 2024"]
[Site "Saint Louis USA"]
[Date "2024.06.20"]
[Round "7.4"]
[White "Muzychuk, Mariya"]
[Black "Lee, Alice"]
[Result "1-0"]
[WhiteTitle "GM"]
[BlackTitle "IM"]
[WhiteElo "2510"]
[BlackElo "2368"]
[WhiteFideId "14114550"]
[BlackFideId "30941822"]
[EventDate "2024.06.13"]

1. c4 e6 2. Nf3 d5 3. d4 dxc4 4. e3 Nf6 5. Bxc4 a6 6. O-O c5 7. Nc3 b5 8. Bb3
Bb7 9. e4 cxd4 10. Nxd4 Nc6 11. Nxc6 Qxd1 12. Rxd1 Bxc6 13. f3 Bc5+ 14. Kf1 Ke7
15. e5 Nd7 16. Bg5+ f6 17. exf6+ gxf6 18. Re1 e5 19. Bh4 Kd8 20. Rxe5 Kc7 21.
Re6 Rae8 22. Rae1 Rxe6 23. Rxe6 Bd4 24. Bd5 Ba8 25. Bxa8 Rxa8 26. Nd5+ Kd8 27.
Nxf6 Bxf6 28. Bxf6+ Kc7 29. Bc3 a5 30. a3 Nc5 31. Rh6 b4 32. axb4 axb4 33. Bxb4
Nd3 34. Bc3 Kd7 35. Rxh7+ Ke6 36. g3 Kf5 37. Rd7 Ra1+ 38. Ke2 1-0

[Event "4th Cairns Cup 2024"]
[Site "Saint Louis USA"]
[Date "2024.06.20"]
[Round "7.5"]
[White "Muzychuk, Anna"]
[Black "Dronavalli, Harika"]
[Result "1/2-1/2"]
[WhiteTitle "GM"]
[BlackTitle "GM"]
[WhiteElo "2505"]
[BlackElo "2489"]
[WhiteFideId "14111330"]
[BlackFideId "5015197"]
[EventDate "2024.06.13"]

1. e4 e5 2. Nf3 Nc6 3. Bb5 a6 4. Ba4 Nge7 5. O-O Ng6 6. d4 exd4 7. Nxd4 Nxd4 8.
Qxd4 b5 9. Bb3 Bb7 10. Rd1 Qe7 11. c4 Qd6 12. Qxd6 Bxd6 13. Nc3 Bc6 14. Be3 Be5
15. Bd4 Bxd4 16. Rxd4 Nf4 17. cxb5 axb5 18. Rad1 O-O 19. Rb4 Rfb8 20. Nd5 Ne6
21. Rc1 Kf8 22. f4 Ra7 23. f5 Bxd5 24. exd5 Nd8 25. f6 gxf6 26. Rh4 c6 27. Rxh7
cxd5 28. Bxd5 Ke7 29. Rh8 Rb6 30. h4 Ra4 31. Re1+ Ne6 32. Be4 Rd6 33. h5 Rdd4
34. Bf5 Rd5 35. g4 Kd6 36. h6 Ng5 37. Rd8 Kc7 38. Rg8 Rd2 39. h7 Nf3+ 40. Kf1
Nh2+ 41. Kg1 Nf3+ 42. Kf1 Nh2+ 43. Kg1 Nf3+ 44. Kf1 1/2-1/2

[Event "4th Cairns Cup 2024"]
[Site "Saint Louis USA"]
[Date "2024.06.21"]
[Round "8.2"]
[White "Kosteniuk, Alexandra"]
[Black "Muzychuk, Anna"]
[Result "0-1"]
[WhiteTitle "GM"]
[BlackTitle "GM"]
[WhiteElo "2501"]
[BlackElo "2505"]
[WhiteFideId "4128125"]
[BlackFideId "14111330"]
[EventDate "2024.06.13"]

1. e4 e5 2. Nf3 Nc6 3. Bc4 Nf6 4. d3 Be7 5. O-O O-O 6. Nc3 d6 7. a4 Na5 8. Ba2
Nc6 9. Bd2 Nb4 10. Bb1 c5 11. h3 Re8 12. Ne2 Nc6 13. Ng3 h6 14. Re1 Be6 15. c3
a6 16. Bc1 Rc8 17. Bc2 Bf8 18. Bb3 d5 19. exd5 Bxd5 20. Ne4 Bxb3 21. Nxf6+ Qxf6
22. Qxb3 Na5 23. Qc2 Rcd8 24. Bd2 Qf5 25. Re4 c4 26. Rae1 cxd3 27. Qd1 f6 28. b4
Nc6 29. b5 axb5 30. axb5 Ne7 31. Qb3+ Kh7 32. Qf7 Qg6 33. Qc4 Nf5 34. Nh4 Nxh4
35. Rg4 Rc8 36. Qa4 Ra8 37. Qd1 Qf5 38. Rxh4 Bc5 39. Rf1 Ra2 40. Ra4 Rc2 41. g4
Qd7 42. Re4 Qxb5 43. Kh1 Ra8 44. Be3 Bxe3 45. Rxe3 Rxc3 46. Kh2 Qd5 47. h4 e4
48. Rfe1 Rc2 49. Kg3 Qd6+ 0-1

[Event "4th Cairns Cup 2024"]
[Site "Saint Louis USA"]
[Date "2024.06.21"]
[Round "8.3"]
[White "Dzagnidze, Nana"]
[Black "Paehtz, Elisabeth"]
[Result "1/2-1/2"]
[WhiteTitle "GM"]
[BlackTitle "GM"]
[WhiteElo "2506"]
[BlackElo "2457"]
[WhiteFideId "13601903"]
[BlackFideId "4641833"]
[EventDate "2024.06.13"]

1. d4 Nf6 2. c4 g6 3. g3 Bg7 4. Bg2 d6 5. Nc3 O-O 6. Nf3 c6 7. O-O Bf5 8. Ng5 e5
9. d5 Bc8 10. dxc6 bxc6 11. f4 Ng4 12. Kh1 Qb6 13. Nce4 h6 14. Nf3 Rd8 15. h3 d5
16. cxd5 cxd5 17. hxg4 dxe4 18. Qb3 exf4 19. Bxf4 Bxg4 20. Nh2 Be6 21. Qxb6 axb6
22. Bxe4 Ra4 23. Bf3 Nd7 24. Rfd1 Rc8 25. Rd2 Nc5 26. Rc1 Rxa2 27. Ng4 g5 28.
Be5 Bxg4 29. Bxg4 Re8 30. Bxg7 Kxg7 31. Rdc2 Ra4 32. Bf3 Rb4 33. Kg2 Re5 34. Rd1
Re6 35. Rd8 Rf6 36. Rd1 Ne6 37. Rcd2 Rf5 38. Bd5 Nc5 39. Rc2 Re5 40. Kf2 Ne4+
41. Bxe4 Rbxe4 42. Rd3 g4 43. b3 Rf5+ 44. Ke1 h5 45. Rc4 Re6 46. Rc8 Rfe5 47.
Rc2 Kg6 48. Rcd2 Rb5 49. Rd1 Rbe5 50. R1d2 f6 51. Kf2 Rf5+ 52. Kg2 Rb5 53. Rc2
Rc5 54. Rxc5 bxc5 55. Kf2 Re5 56. Rd6 Kf5 57. Rb6 Rd5 58. b4 cxb4 59. Rxb4 Ke5
60. Rb8 Kf5 61. Rh8 Ke4 62. Rh7 Rf5+ 63. Ke1 Ke3 64. Rh8 Ra5 65. Re8+ Re5 66.
Rh8 Ke4 67. Kf2 Rf5+ 68. Ke1 Ra5 69. Kf2 Re5 70. Rh7 Kd5 71. Rh8 Ke6 72. Rh7 Rg5
73. Ke1 Kf5 74. Rh6 Ke6 75. Rh7 Rf5 76. Kd2 Rf2 77. Rxh5 Rg2 78. Ke3 Rxg3+ 79.
Kf4 Rg1 80. Rh7 g3 81. Kf3 f5 82. Rh3 Ke5 83. Rxg3 Rxg3+ 84. Kxg3 Ke4 85. Kf2 f4
86. Kf1 Ke3 87. Ke1 f3 88. exf3 Kxf3 1/2-1/2

[Event "4th Cairns Cup 2024"]
[Site "Saint Louis USA"]
[Date "2024.06.21"]
[Round "8.4"]
[White "Dronavalli, Harika"]
[Black "Tan, Zhongyi"]
[Result "1/2-1/2"]
[WhiteTitle "GM"]
[BlackTitle "GM"]
[WhiteElo "2489"]
[BlackElo "2540"]
[WhiteFideId "5015197"]
[BlackFideId "8603642"]
[EventDate "2024.06.13"]

1. e4 c5 2. Nf3 d6 3. Bb5+ Nd7 4. O-O a6 5. Be2 Ngf6 6. d3 b5 7. a4 b4 8. c3
bxc3 9. Nxc3 e5 10. a5 Be7 11. Nh4 g6 12. f4 O-O 13. f5 Kg7 14. Nf3 h6 15. Nd2
Bb7 16. Nc4 d5 17. exd5 Nxd5 18. Bf3 N7f6 19. Qd2 g5 20. h4 Rh8 21. Qf2 e4 22.
Nxe4 g4 23. Be2 Nb4 24. b3 Nxd3 25. Bxd3 Qxd3 26. Nxf6 Bxf6 27. Bb2 Bxb2 28.
Qxb2+ Qd4+ 29. Qxd4+ cxd4 30. f6+ Kh7 31. Rad1 Rad8 32. Rf4 g3 33. Rfxd4 Rxd4
34. Rxd4 Re8 35. Kf1 Re6 36. Rd6 Re4 37. Rd7 Rf4+ 38. Kg1 Ba8 39. Rxf7+ Kg6 40.
Rg7+ Kxf6 41. Rxg3 Rxh4 42. Rd3 Ke7 43. g3 Rh1+ 44. Kf2 Bc6 45. Rd6 Bb5 46. Rb6
Rb1 47. Nd2 Ra1 48. Rxh6 Rxa5 49. Ke3 Ra1 50. Kf4 a5 51. Ne4 a4 52. bxa4 Rxa4
53. Ke5 Bd3 54. Nc5 Ra5 55. Rc6 Kf7 56. g4 Bb1 57. g5 Ra2 58. Rf6+ Ke7 59. Rb6
Re2+ 60. Kd4 Rd2+ 61. Ke5 Re2+ 62. Kf4 Rf2+ 63. Kg3 Rf5 64. Rb7+ Kd6 65. Rxb1
Rxg5+ 66. Kf4 Rxc5 67. Rd1+ Rd5 68. Rxd5+ Kxd5 1/2-1/2

[Event "4th Cairns Cup 2024"]
[Site "Saint Louis USA"]
[Date "2024.06.21"]
[Round "8.5"]
[White "Lee, Alice"]
[Black "Zatonskih, Anna"]
[Result "1-0"]
[WhiteTitle "IM"]
[BlackTitle "IM"]
[WhiteElo "2368"]
[BlackElo "2327"]
[WhiteFideId "30941822"]
[BlackFideId "14101572"]
[EventDate "2024.06.13"]

1. d4 d5 2. c4 e6 3. Nf3 Nf6 4. g3 Be7 5. Bg2 O-O 6. O-O dxc4 7. Qc2 c6 8. Qxc4
b5 9. Qc2 Bb7 10. Rd1 Nbd7 11. Ne5 Nxe5 12. dxe5 Nd5 13. Nc3 Qb8 14. f4 Rd8 15.
Nxd5 cxd5 16. Be3 a5 17. Bd4 Rc8 18. Qd3 Qc7 19. f5 exf5 20. Qxf5 Ra6 21. Rf1
Rf8 22. Rac1 Rc6 23. Qf4 Qd7 24. Rxc6 Bxc6 25. Bf3 b4 26. Bh5 f5 27. exf6 Bxf6
28. Bxf6 gxf6 29. Rc1 d4 30. Rc5 d3 31. exd3 Kh8 32. Bg4 Qe8 33. Kf2 Bd7 34. Bf3
Qe6 35. Qc4 Qb6 36. d4 Be6 37. Qb5 Qd6 38. d5 Bd7 39. Qxa5 Qe5 40. Rc2 Qd4+ 41.
Kg2 Qd3 42. Rf2 Qd4 43. Re2 Rc8 44. a3 bxa3 45. bxa3 Bg4 46. Bxg4 Qxg4 47. Qb5
Ra8 48. Re8+ Rxe8 49. Qxe8+ Kg7 50. Qe7+ Kg6 51. Qe6 Qc4 52. h4 Qa2+ 53. Kh3
Qxa3 54. d6 Qd3 55. h5+ Kg5 56. Qg8+ Kxh5 57. Qf7+ Kg5 58. Qg7+ Kh5 59. Qxf6 Qd1
60. Qh4+ Kg6 61. Qg4+ Qxg4+ 62. Kxg4 Kf6 63. Kh5 Ke6 64. Kh6 Kxd6 65. Kxh7 Ke5
66. Kg6 1-0

[Event "4th Cairns Cup 2024"]
[Site "Saint Louis USA"]
[Date "2024.06.22"]
[Round "9.1"]
[White "Tan, Zhongyi"]
[Black "Kosteniuk, Alexandra"]
[Result "1/2-1/2"]
[WhiteTitle "GM"]
[BlackTitle "GM"]
[WhiteElo "2540"]
[BlackElo "2501"]
[WhiteFideId "8603642"]
[BlackFideId "4128125"]
[EventDate "2024.06.13"]

1. d4 d5 2. c4 c6 3. cxd5 cxd5 4. Bf4 Nc6 5. e3 Nf6 6. Nc3 Bf5 7. Bd3 Bxd3 8.
Qxd3 e6 9. Nf3 Bd6 10. Bxd6 Qxd6 11. O-O O-O 12. Rac1 Rfc8 13. a3 Na5 14. Rc2
Qd8 15. Rfc1 Nb3 16. Rd1 Na5 17. Rdc1 Nb3 18. Rd1 Na5 19. Rdc1 1/2-1/2

[Event "4th Cairns Cup 2024"]
[Site "Saint Louis USA"]
[Date "2024.06.22"]
[Round "9.2"]
[White "Paehtz, Elisabeth"]
[Black "Dronavalli, Harika"]
[Result "1/2-1/2"]
[WhiteTitle "GM"]
[BlackTitle "GM"]
[WhiteElo "2457"]
[BlackElo "2489"]
[WhiteFideId "4641833"]
[BlackFideId "5015197"]
[EventDate "2024.06.13"]

1. Nf3 d5 2. g3 Nf6 3. Bg2 e6 4. d4 Be7 5. c4 O-O 6. Qc2 c5 7. dxc5 Qa5+ 8. Nc3
dxc4 9. O-O Qxc5 10. Ne4 Nxe4 11. Qxe4 Nc6 12. Be3 Qb5 13. Rfc1 e5 14. a4 Qa6
15. Qxc4 Qxc4 16. Rxc4 Be6 17. Rc3 f6 18. Bc5 Rf7 19. Bxe7 Rxe7 20. Ne1 Nd4 21.
Kf1 Rd8 22. Nd3 Nb3 23. Re1 e4 24. Nc5 Nxc5 25. Rxc5 Rd4 26. a5 Rb4 27. Rc2 Kf7
28. Ra1 Rd7 29. Ke1 a6 30. f3 exf3 31. Bxf3 Bf5 32. Rc5 Be6 33. Rd1 Ke7 34. Rd2
Rxd2 35. Kxd2 Kd6 36. Rh5 h6 37. Kc3 Rc4+ 38. Kd3 Rb4 39. Kc3 Rc4+ 40. Kd3 Rb4
41. Kc3 1/2-1/2

[Event "4th Cairns Cup 2024"]
[Site "Saint Louis USA"]
[Date "2024.06.22"]
[Round "9.3"]
[White "Muzychuk, Anna"]
[Black "Lee, Alice"]
[Result "1-0"]
[WhiteTitle "GM"]
[BlackTitle "IM"]
[WhiteElo "2505"]
[BlackElo "2368"]
[WhiteFideId "14111330"]
[BlackFideId "30941822"]
[EventDate "2024.06.13"]

1. e4 e5 2. Nf3 Nf6 3. Nxe5 d6 4. Nf3 Nxe4 5. d4 d5 6. Bd3 Be7 7. O-O Bf5 8. Re1
O-O 9. c4 Nc6 10. cxd5 Qxd5 11. Nc3 Nxc3 12. bxc3 Bxd3 13. Qxd3 Rae8 14. Bf4 Bd6
15. c4 Qh5 16. Bd2 b6 17. Kf1 Qg6 18. Qxg6 hxg6 19. Rab1 Rd8 20. d5 Nb8 21. Bg5
Rc8 22. Rbd1 Rfe8 23. Nd4 a6 24. Bh4 Nd7 25. Nc6 Kf8 26. Bg3 Bxg3 27. hxg3 Rxe1+
28. Kxe1 Re8+ 29. Kd2 Ne5 30. Kc3 Nxc6 31. dxc6 Re6 32. Rd8+ Re8 33. Rd7 Re7 34.
c5 Ke8 35. cxb6 cxb6 36. Rb7 Kd8 37. Rxb6 Re2 38. Rxa6 Rxf2 39. Ra7 Rf6 40. Rd7+
Kc8 41. Kd4 Rxc6 42. Rxf7 Rc2 43. Rxg7 Rxa2 44. Ke5 Rxg2 45. Rxg6 Kd7 46. Kf6
Rf2+ 47. Kg7 Ke7 48. g4 Rf7+ 49. Kh6 Rf1 50. Rg7+ Kf8 51. g5 Rh1+ 52. Kg6 Rh2
53. Ra7 Rb2 54. Ra8+ Ke7 55. Kg7 Rg2 56. g6 Rg1 57. Kh7 Rh1+ 58. Kg8 Rh2 59. g7
Rg2 60. Ra7+ Ke8 61. Ra1 Rg4 62. Rh1 Ke7 63. Kh8 Kf7 64. Rf1+ Ke7 65. g8=Q Rh4+
66. Qh7+ 1-0

[Event "4th Cairns Cup 2024"]
[Site "Saint Louis USA"]
[Date "2024.06.22"]
[Round "9.5"]
[White "Muzychuk, Mariya"]
[Black "Dzagnidze, Nana"]
[Result "1/2-1/2"]
[WhiteTitle "GM"]
[BlackTitle "GM"]
[WhiteElo "2510"]
[BlackElo "2506"]
[WhiteFideId "14114550"]
[BlackFideId "13601903"]
[EventDate "2024.06.13"]

1. e4 c5 2. c3 d5 3. exd5 Qxd5 4. Nf3 Nf6 5. d4 e6 6. Na3 a6 7. Nc4 Nbd7 8. Be2
b5 9. Na5 Bd6 10. c4 bxc4 11. Nxc4 Bc7 12. O-O O-O 13. dxc5 Nxc5 14. Be3 Ncd7
15. Qd4 a5 16. Rfd1 Qxd4 17. Bxd4 a4 18. Nce5 Nxe5 19. Nxe5 Bb7 20. Rac1 Rfc8
21. Bb5 Bd5 22. Bc6 Bxc6 23. Rxc6 Bxe5 24. Rxc8+ Rxc8 25. Bxe5 Nd5 26. g3 Rc2
27. Rd4 f6 28. Bd6 Rxb2 29. Rxa4 e5 30. Ra8+ Kf7 31. Ra7+ Ke6 32. Bf8 g5 33.
Rxh7 Rxa2 34. h4 gxh4 35. Rxh4 Ne7 36. Bxe7 Kxe7 37. Rb4 Ke6 38. Kg2 Rc2 39. Kf3
Ra2 40. Ke3 Ra3+ 41. Ke2 Ra2+ 42. Ke3 Ra3+ 43. Ke2 Ra2+ 44. Ke3 Ra3+ 1/2-1/2